[Event "Isle of Man Open"]
[Site "Douglas"]
[Date "23.10.2018"]
[Round "4.61"]
[White "Tarjan, James"]
[Black "Agrest, Inna"]
[Result "1-0"]
[WhiteTitle "GM"]
[BlackTitle "WIM"]
[WhiteElo "2404"]
[BlackElo "2283"]
[WhiteFideId "2000180"]
[BlackFideId "1708830"]
[EventDate "2018.10.20"]

1. c4 Nf6 2. g3 g6 3. Bg2 Bg7 4. Nc3 O-O 5. e4 d6 6. Nge2 c5 7. d3 Nc6 8. O-O
Rb8 9. Rb1 a6 10. a4 Bd7 11. h3 Ne8 12. Be3 Nc7 13. d4 cxd4 14. Nxd4 Ne6 15.
Nxe6 Bxe6 16. Nd5 b5 17. axb5 axb5 18. c5 b4 19. Qa4 Bd7 20. cxd6 e6 21. Nc7 Ne5
22. Qb3 Nc6 23. Rfd1 Na5 24. Qd3 b3 25. Bd4 e5 26. Bc3 Nc6 27. Qd5 Kh8 28. Ra1
Qc8 29. Kh2 Qb7 30. Ra3 Be6 31. Qc5 Qb6 32. Nxe6 fxe6 33. Qc4 Nd4 34. Ra6 Qb5
35. Qxb5 Rxb5 36. f4 Ne2 37. d7 Rbb8 38. Bxe5 Bxe5 39. fxe5 Rfd8 40. Rxe6 Kg7
41. Rc6 1-0

[Event "Isle of Man Open"]
[Site "Douglas"]
[Date "23.10.2018"]
[Round "4.62"]
[White "Zhukova, Natalia"]
[Black "Piasetski, Leon"]
[Result "1/2-1/2"]
[WhiteTitle "GM"]
[BlackTitle "IM"]
[WhiteElo "2403"]
[BlackElo "2252"]
[WhiteFideId "14101513"]
[BlackFideId "2600072"]
[EventDate "2018.10.20"]

1. d4 Nf6 2. c4 e6 3. Nf3 b6 4. a3 c5 5. d5 exd5 6. cxd5 g6 7. Nc3 Bg7 8. e4 O-O
9. Nd2 d6 10. Be2 Na6 11. O-O Nc7 12. a4 Rb8 13. h3 a6 14. Rb1 b5 15. axb5 axb5
16. b4 cxb4 17. Na2 Na6 18. Nxb4 Nxb4 19. Rxb4 Qa5 20. Qb3 Bd7 21. Bb2 Rfe8 22.
Ra1 Qc7 23. Bf3 h6 24. Bd4 Nh7 25. Bxg7 Kxg7 26. Qb2+ Nf6 27. Rb3 Rec8 28. Bd1
Ra8 29. Rf3 Qd8 30. Rfa3 Rxa3 31. Rxa3 Qe7 32. f4 Kg8 33. Bf3 Be8 34. Kh2 Nd7
35. Ra7 Qf6 36. Qxf6 Nxf6 37. e5 dxe5 38. fxe5 Nd7 39. Bg4 Rd8 40. e6 Nf6 41.
exf7+ Bxf7 42. Be6 Bxe6 43. dxe6 Rxd2 44. Ra8+ Kg7 45. Ra7+ Kg8 1/2-1/2

[Event "Isle of Man Open"]
[Site "Douglas"]
[Date "23.10.2018"]
[Round "4.63"]
[White "Bulmaga, Irina"]
[Black "Janzelj, Lara"]
[Result "1-0"]
[WhiteTitle "IM"]
[BlackTitle "WFM"]
[WhiteElo "2402"]
[BlackElo "2244"]
[WhiteFideId "13903063"]
[BlackFideId "14608391"]
[EventDate "2018.10.20"]

1. e4 e5 2. Nf3 Nc6 3. Bb5 a6 4. Ba4 b5 5. Bb3 g6 6. a4 b4 7. d4 exd4 8. Bg5 Be7
9. Bf4 Bf6 10. e5 Bg7 11. O-O h6 12. c3 bxc3 13. bxc3 d3 14. Qxd3 Nge7 15. Nbd2
d5 16. exd6 cxd6 17. Ne4 O-O 18. Qxd6 Qxd6 19. Bxd6 Bf5 20. Ng3 Rfd8 21. Ba3
Bxc3 22. Rac1 Bb4 23. Bxb4 Nxb4 24. Nxf5 Nxf5 25. Ne5 Nd5 26. Nc6 Rd7 27. Bxd5
Rxd5 28. g4 Kg7 29. gxf5 Rxf5 30. Rfe1 Rc8 31. Nd4 Rg5+ 32. Kf1 Rd8 33. Re4 Rgd5
34. Nf3 Rf5 35. Kg2 Rd3 36. Re3 Rd6 37. Rc4 g5 38. Re5 Rff6 39. Nd4 Kg6 40. Rec5
Kh5 41. h3 a5 42. Nf3 Kg6 43. Rc6 1-0

[Event "Isle of Man Open"]
[Site "Douglas"]
[Date "23.10.2018"]
[Round "4.64"]
[White "Houska, Jovanka"]
[Black "Laustsen, Lars"]
[Result "1-0"]
[WhiteTitle "IM"]
[WhiteElo "2402"]
[BlackElo "2236"]
[WhiteFideId "405094"]
[BlackFideId "1407554"]
[EventDate "2018.10.20"]

1. d4 d5 2. c4 c6 3. Nf3 Nf6 4. e3 Bf5 5. Nc3 e6 6. Nh4 Bg6 7. Nxg6 hxg6 8. Bd3
Nbd7 9. h3 Be7 10. Bd2 O-O 11. O-O Rc8 12. Rc1 dxc4 13. Bxc4 c5 14. dxc5 Nxc5
15. Qe2 Nce4 16. Be1 Qc7 17. Nxe4 Nxe4 18. Rc2 Rfd8 19. Bd3 Nc5 20. Bxg6 fxg6
21. b4 Qe5 22. bxc5 Rxc5 23. Rxc5 Qxc5 24. e4 Rd4 25. Qg4 Kf7 26. Qf3+ Kg8 27.
Bc3 Rc4 28. Bb2 Rc2 29. Qb3 Qc6 30. Re1 Kh7 31. Bd4 a5 32. Qf3 Rc1 33. Rxc1
Qxc1+ 34. Kh2 Qd2 35. Bc3 Qc2 36. Be5 Kg8 37. Qg4 Kf7 38. Qf4+ Kg8 39. Bd4 Qc6
40. g3 b5 41. h4 a4 42. Qg4 Qc4 43. Be5 Qxa2 44. Kh3 Qxf2 45. Qxe6+ Qf7 46. Qc8+
Kh7 47. Qd7 Qf1+ 48. Kg4 Bf8 49. Kg5 Qc1+ 50. Kg4 Qc5 51. Qe8 a3 52. h5 gxh5+
53. Kxh5 b4 54. Qg6+ Kg8 55. Qe6+ Kh8 56. Kg6 Qc1 57. Qh3+ 1-0

[Event "Isle of Man Open"]
[Site "Douglas"]
[Date "23.10.2018"]
[Round "4.65"]
[White "Rahul, Srivatshav P"]
[Black "Leutwyler, Martin"]
[Result "1-0"]
[WhiteTitle "IM"]
[WhiteElo "2395"]
[BlackElo "2142"]
[WhiteFideId "25059653"]
[BlackFideId "1301969"]
[EventDate "2018.10.20"]

1. d4 d5 2. Bf4 Nf6 3. e3 c5 4. c3 Nc6 5. Nd2 cxd4 6. exd4 Bg4 7. Qb3 Qc8 8.
Ngf3 e6 9. Bb5 a6 10. Bxc6+ bxc6 11. Ne5 Bd6 12. f3 Rb8 13. Qa4 Bf5 14. g4 Bxe5
15. Bxe5 Rxb2 16. gxf5 exf5 17. Bxf6 gxf6 18. O-O-O 1-0

[Event "Isle of Man Open"]
[Site "Douglas"]
[Date "23.10.2018"]
[Round "4.66"]
[White "Demeter, Dorina"]
[Black "Hemant, Sharma2"]
[Result "1/2-1/2"]
[WhiteTitle "WFM"]
[BlackTitle "IM"]
[WhiteElo "2064"]
[BlackElo "2393"]
[WhiteFideId "778079"]
[BlackFideId "5025842"]
[EventDate "2018.10.20"]

1. d4 d5 2. c4 e6 3. Nc3 Be7 4. Nf3 Nf6 5. Bf4 O-O 6. e3 c5 7. dxc5 Bxc5 8. cxd5
Nxd5 9. Nxd5 exd5 10. a3 Nc6 11. Bd3 Be7 12. O-O Bf6 13. h3 Be6 14. Rc1 g6 15.
Qe2 Qe7 16. b4 Rac8 17. Rfd1 Rfd8 18. Bb5 a5 19. Bxc6 bxc6 20. Rc5 axb4 21. axb4
Qb7 22. b5 cxb5 23. Rxb5 Qe7 24. Nd4 Rc4 25. Qb2 Bg7 26. Rb8 Rdc8 27. Qb6 Rxb8
28. Qxb8+ Rc8 29. Qd6 Qxd6 30. Bxd6 Bxd4 31. Rxd4 1/2-1/2

[Event "Isle of Man Open"]
[Site "Douglas"]
[Date "23.10.2018"]
[Round "4.67"]
[White "Trent, Lawrence"]
[Black "Chennaoui, Yasin"]
[Result "1/2-1/2"]
[WhiteTitle "IM"]
[WhiteElo "2391"]
[BlackElo "2050"]
[WhiteFideId "408638"]
[BlackFideId "1330667"]
[EventDate "2018.10.20"]

1. f4 Nh6 2. Nf3 g6 3. e3 Bg7 4. Be2 c5 5. c4 Nc6 6. Nc3 e6 7. O-O d5 8. cxd5
exd5 9. Qb3 c4 10. Qb5 Bxc3 11. bxc3 O-O 12. Ba3 Re8 13. Bc5 a6 14. Qb2 b5 15.
a4 Rb8 16. Qa3 Bf5 17. axb5 axb5 18. Nd4 Nxd4 19. Bxd4 Be4 20. Qc5 Nf5 21. Be5
Qb6 22. Qxb6 Rxb6 23. Ra7 f6 24. Bc7 Rc6 25. Rfa1 d4 26. exd4 Bxg2 27. Bg4 Bd5
28. Ra8 Re6 29. Rxe8+ Rxe8 30. Rb1 Bc6 31. d5 Bxd5 32. Rxb5 Be4 33. Kf2 Re7 34.
Rc5 Bd3 35. Rc6 Rd7 36. Bb6 Be4 37. Rc8+ Kf7 38. Bd4 Bd5 39. Rh8 Kg7 40. Rb8 Be6
41. Bxf5 Bxf5 42. Rb6 Rf7 43. Rd6 h6 44. h4 Rf8 45. Rc6 Bd3 46. Re6 Rf7 47. Rc6
Rf8 48. Kg3 Rf7 49. Ra6 Rf8 50. Kf3 Bf5 51. Rd6 Rf7 52. Ke2 Bd3+ 53. Kd1 Rf8 54.
Rb6 Ra8 55. Ke1 Re8+ 56. Kd1 Ra8 57. Ke1 Re8+ 58. Kf2 Rf8 59. Rc6 Rf7 60. Rd6
Rf8 61. Rc6 Rf7 62. Rd6 Rf8 63. Bc5 Re8 64. Rd7+ Kg8 65. Be3 Bf5 66. Rc7 Rc8 67.
Re7 Rf8 68. Rc7 Rc8 69. Ra7 Rf8 70. Bc5 Rf7 71. Ra8+ Kg7 72. Kg2 Rd7 73. Bd4 Rb7
74. Ra6 Rf7 1/2-1/2

[Event "Isle of Man Open"]
[Site "Douglas"]
[Date "23.10.2018"]
[Round "4.68"]
[White "Bianco, Valerio"]
[Black "Wallace, John Paul"]
[Result "1-0"]
[BlackTitle "IM"]
[WhiteElo "2008"]
[BlackElo "2377"]
[WhiteFideId "800600"]
[BlackFideId "3200957"]
[EventDate "2018.10.20"]

1. e4 c5 2. Nf3 d6 3. Bb5+ Nd7 4. d4 cxd4 5. Qxd4 a6 6. Bxd7+ Bxd7 7. O-O e5 8.
Qd3 Rc8 9. Nc3 h6 10. Rd1 Nf6 11. Nd2 Bg4 12. f3 Be6 13. Nf1 Be7 14. Ne3 O-O 15.
Bd2 b5 16. Kh1 Rc5 17. b4 Bc4 18. Nxc4 Rxc4 19. a4 Qd7 20. axb5 axb5 21. Ra5
Rfc8 22. Nxb5 d5 23. Ra7 Qxb5 24. Rxe7 dxe4 25. fxe4 Kf8 26. Ra7 Nxe4 27. Qf3
Qe8 28. Be3 Rxb4 29. Rf1 Nd6 30. Qd5 Rc6 31. Bc5 Rf4 32. Bxd6+ Kg8 33. Rxf4 exf4
34. Re7 1-0

[Event "Isle of Man Open"]
[Site "Douglas"]
[Date "23.10.2018"]
[Round "4.69"]
[White "Allen, Keith"]
[Black "Hoefelsauer, Thomas"]
[Result "0-1"]
[BlackTitle "FM"]
[WhiteElo "2216"]
[BlackElo "2380"]
[WhiteFideId "2501147"]
[BlackFideId "24668842"]
[EventDate "2018.10.20"]

1. d4 d5 2. c4 c6 3. Nf3 Nf6 4. e3 Bf5 5. Nc3 a6 6. Qb3 b5 7. c5 a5 8. Ne5 a4 9.
Qd1 Nfd7 10. Nxc6 Nxc6 11. Bxb5 Ndb8 12. Bxa4 e5 13. O-O Be7 14. b4 O-O 15. b5
exd4 16. exd4 Nxd4 17. c6 Bf6 18. Bb2 Qd6 19. Re1 Qb4 20. Bb3 Be6 21. Rc1 Nxb5
22. a3 Nxc3 23. axb4 Nxd1 24. Bxf6 gxf6 25. Rexd1 Rc8 26. b5 Ra5 27. c7 Nd7 28.
Bxd5 Nb6 29. Bb7 Rf8 30. Rd8 Bc8 31. Bxc8 Nxc8 0-1

[Event "Isle of Man Open"]
[Site "Douglas"]
[Date "23.10.2018"]
[Round "4.70"]
[White "Moksh, Amit Doshi"]
[Black "Wu, Li"]
[Result "0-1"]
[WhiteElo "2224"]
[BlackElo "2335"]
[WhiteFideId "25064967"]
[BlackFideId "411086"]
[EventDate "2018.10.20"]

1. d4 Nf6 2. c4 c5 3. d5 e5 4. Nc3 d6 5. e4 Nbd7 6. g4 h6 7. Be3 Be7 8. f3 Nh7
9. Nge2 Ndf8 10. Qd2 Ng6 11. Ng3 Bg5 12. Nh5 O-O 13. Nd1 a6 14. Bxg5 Qxg5 15.
Ne3 Nh4 16. Qf2 Rb8 17. Ng3 Qf4 18. Be2 Ng5 19. Kd2 Bxg4 20. Kd3 Bxf3 21. Bxf3
Qxf3 22. Qxf3 Ngxf3 23. Raf1 g6 24. Rf2 Ng5 25. Rhf1 Kg7 26. Ng2 Nxg2 27. Rxg2
Nh3 28. Nh5+ Kh8 29. Rg3 Ng5 30. Nf6 Rbd8 31. h4 Nh7 32. Ng4 Kg7 33. Ne3 Nf6 34.
Rf5 Nh5 35. Rg1 Nf4+ 36. Kd2 h5 37. a4 f6 0-1

[Event "Isle of Man Open"]
[Site "Douglas"]
[Date "23.10.2018"]
[Round "4.71"]
[White "Lorscheid, Gerhard"]
[Black "Dubinski, Mateusz"]
[Result "0-1"]
[WhiteTitle "FM"]
[BlackTitle "FM"]
[WhiteElo "2205"]
[BlackElo "2327"]
[WhiteFideId "4606000"]
[BlackFideId "1125923"]
[EventDate "2018.10.20"]

1. d4 Nf6 2. c4 g6 3. Nc3 Bg7 4. e4 d6 5. Nge2 O-O 6. f3 c5 7. d5 e6 8. Bg5 h6
9. Be3 exd5 10. cxd5 Nbd7 11. Qd2 h5 12. Nc1 a6 13. a4 Rb8 14. Be2 Re8 15. O-O
Qc7 16. N1a2 h4 17. Rfc1 h3 18. gxh3 Nh5 19. f4 Ndf6 20. Bf3 Bxh3 21. Kh1 Ng4
22. Bg1 Bh6 23. Ne2 Qe7 24. Rf1 f5 25. Nac3 Bxf1 26. Rxf1 Qh4 27. Qd3 Qh3 28.
Qd1 b5 29. Bg2 Qh4 30. exf5 gxf5 31. Rf3 Nxf4 32. Nxf4 Re1 0-1

[Event "Isle of Man Open"]
[Site "Douglas"]
[Date "23.10.2018"]
[Round "4.72"]
[White "Bellin, Robert"]
[Black "Jonsson, Gauti Pall"]
[Result "1/2-1/2"]
[WhiteTitle "IM"]
[WhiteElo "2326"]
[BlackElo "2073"]
[WhiteFideId "400343"]
[BlackFideId "2309092"]
[EventDate "2018.10.20"]

1. Nf3 Nf6 2. d4 e6 3. e3 b6 4. Bd3 Bb7 5. O-O d5 6. Nbd2 Be7 7. Ne5 O-O 8. Qf3
Nbd7 9. Qh3 Ne4 10. f3 Ng5 11. Qg3 f5 12. Nxd7 Qxd7 13. b3 Bf6 14. Bb2 c5 15.
Rad1 Nf7 16. Qh3 Rae8 17. c3 g6 18. f4 Nd6 19. Nf3 Qg7 20. g4 fxg4 21. Qxg4 Nf5
22. Rde1 Bc8 23. Qg2 Kh8 24. Kh1 Bb7 25. Qh3 Bc8 26. Qg2 Bb7 27. Qh3 Bc8 28. Qg2
Bb7 29. Qh3 Bc8 1/2-1/2

[Event "Isle of Man Open"]
[Site "Douglas"]
[Date "23.10.2018"]
[Round "4.73"]
[White "Stanetzek, Carsten"]
[Black "Kulkarni, Rakesh"]
[Result "1-0"]
[WhiteElo "2192"]
[BlackElo "2297"]
[WhiteFideId "4616634"]
[BlackFideId "5037077"]
[EventDate "2018.10.20"]

1. e4 c5 2. Nf3 e6 3. Nc3 a6 4. d4 cxd4 5. Nxd4 Qc7 6. Bd3 Nf6 7. O-O b5 8. Re1
d6 9. a4 b4 10. Na2 Bb7 11. Bd2 a5 12. c3 bxc3 13. Nxc3 Be7 14. Ncb5 Qd8 15. Qc2
O-O 16. Nc7 Nc6 17. Ncxe6 fxe6 18. Nxc6 Bxc6 19. Qxc6 Ng4 20. f3 Ne5 21. Qc2
Nxd3 22. Qxd3 Qb6+ 23. Kh1 Qxb2 24. Reb1 Qf6 25. Bc3 Qh4 26. Rb5 Bf6 27. Bxf6
Qxf6 28. Rd1 Qe7 29. h3 Rfd8 30. Qd2 Qa7 31. Rc1 Rdc8 32. Rxc8+ Rxc8 33. Qxd6
Rc1+ 34. Kh2 h6 35. Qxe6+ Kh8 36. Qe5 Qg1+ 37. Kg3 Qe1+ 38. Kg4 Rc8 39. Rxa5 Qf2
40. g3 Rf8 41. f4 Rf6 42. f5 Qe2+ 43. Kh4 Qe3 44. Ra8+ Kh7 45. Qf4 Qc5 46. Qb8
Rf8 47. Qxf8 Qe7+ 48. Qxe7 1-0

[Event "Isle of Man Open"]
[Site "Douglas"]
[Date "23.10.2018"]
[Round "4.74"]
[White "Bopp, Thomas"]
[Black "Enkhtuul, Altan-Ulzii"]
[Result "0-1"]
[BlackTitle "WGM"]
[WhiteElo "2160"]
[BlackElo "2295"]
[WhiteFideId "4656113"]
[BlackFideId "4901444"]
[EventDate "2018.10.20"]

1. d4 Nf6 2. Nf3 g6 3. Nc3 d5 4. Bf4 c6 5. Qd2 Bg7 6. h3 Ne4 7. Nxe4 dxe4 8. Ne5
Be6 9. e3 Nd7 10. Nxd7 Qxd7 11. c4 O-O 12. Qc2 f5 13. Be2 c5 14. d5 Bf7 15. O-O
h6 16. g4 g5 17. Bh2 Bg6 18. Kh1 f4 19. exf4 gxf4 20. f3 exf3 21. Bd3 Bxd3 22.
Qxd3 e5 23. Qxf3 Rae8 24. Qe4 b6 25. b3 Kh8 26. Bg1 h5 27. Rf2 hxg4 28. hxg4
Qxg4 29. Rh2+ Kg8 30. d6 Qf5 31. Re1 Qxe4+ 32. Rxe4 Re6 33. Rg2 Rh6+ 34. Bh2
Rxd6 35. Rxe5 Rd1+ 36. Bg1 f3 0-1

[Event "Isle of Man Open"]
[Site "Douglas"]
[Date "23.10.2018"]
[Round "4.75"]
[White "Vidic, Teja"]
[Black "Mannion, Stephen R"]
[Result "0-1"]
[WhiteTitle "WFM"]
[BlackTitle "IM"]
[WhiteElo "2116"]
[BlackElo "2289"]
[WhiteFideId "14605511"]
[BlackFideId "2400111"]
[EventDate "2018.10.20"]

1. e4 e5 2. Nf3 Nc6 3. Bb5 a6 4. Ba4 Nf6 5. O-O Be7 6. Re1 b5 7. Bb3 d6 8. c3
O-O 9. h3 Na5 10. Bc2 c5 11. d4 Nd7 12. a4 b4 13. cxb4 cxb4 14. Nbd2 Rb8 15. Nb3
Bf6 16. Nxa5 Qxa5 17. Be3 Bb7 18. Nd2 exd4 19. Nb3 Qd8 20. Bxd4 Re8 21. Qd2 Nc5
22. f3 Bxd4+ 23. Qxd4 Ne6 24. Qf2 Rc8 25. Red1 Qg5 26. h4 Qe5 27. Bd3 d5 28.
exd5 Bxd5 29. Nc1 a5 30. Bb5 Red8 31. Nd3 Qf6 32. Rac1 Rxc1 33. Nxc1 h5 34. Bf1
g6 35. Rd2 Kg7 36. Qb6 Qxh4 37. Qxa5 Nf4 38. Nd3 Bc4 39. Qe5+ Kh7 40. Qxf4 Qxf4
41. Nxf4 Rxd2 42. Bxc4 Rd4 43. Bxf7 Rxf4 44. Be6 Rd4 45. Kh2 Rd2 46. b3 g5 47.
Bc4 Ra2 48. Kg3 Kg6 49. Bd5 Kf5 50. Bf7 h4+ 51. Kh3 Kf4 52. Bd5 Rd2 53. Be6 Rd1
54. Kh2 Ke3 55. Kh3 Kf2 56. Kh2 Rb1 57. Bd5 Rg1 58. f4 g4 59. f5 h3 60. g3 Rxg3
61. f6 Rg2+ 62. Kh1 g3 63. f7 Rg1# 0-1

[Event "Isle of Man Open"]
[Site "Douglas"]
[Date "23.10.2018"]
[Round "4.76"]
[White "Dushyant, Sharma"]
[Black "Schroer, Marcel"]
[Result "1-0"]
[WhiteTitle "FM"]
[WhiteElo "2289"]
[BlackElo "2064"]
[WhiteFideId "25065130"]
[BlackFideId "1012908"]
[EventDate "2018.10.20"]

1. e4 d6 2. d4 Nf6 3. Nc3 g6 4. f4 Bg7 5. Nf3 O-O 6. e5 dxe5 7. fxe5 Nd5 8. Bc4
Be6 9. Be2 Nxc3 10. bxc3 c5 11. Ng5 Bd5 12. O-O f6 13. c4 fxg5 14. Rxf8+ Qxf8
15. cxd5 cxd4 16. Qxd4 Nd7 17. Rb1 Nxe5 18. Qe4 Qc8 19. Bxg5 Qc7 20. c4 Rc8 21.
Bf4 b6 22. Kh1 Rf8 23. Re1 Kh8 24. Bf3 Rxf4 25. Qxf4 Bf6 26. Be2 Kg7 27. Bf1 h5
28. h3 h4 29. Re3 g5 30. Qe4 Ng6 31. Bd3 Nf4 32. Qh7+ Kf8 33. Rf3 Qe5 34. Bg6
Nxg6 35. Qxg6 Qe1+ 36. Kh2 Qe5+ 37. Kg1 a5 38. Qf5 Qe2 39. Qxg5 Qxc4 40. Qf5
Qc5+ 41. Kh1 Kg7 42. Qg4+ Kf8 43. Qe6 Kg7 44. g4 Qc1+ 45. Kg2 Qc2+ 46. Rf2 Qc3
47. Rf3 Qd2+ 48. Kf1 Qd1+ 49. Kg2 Qd2+ 50. Rf2 Qc3 51. g5 Qg3+ 52. Kf1 Qd3+ 53.
Kg1 Bd4 54. Qxe7+ Kg8 55. Qf8+ Kh7 56. Qh6+ Kg8 57. Qxh4 Bxf2+ 58. Qxf2 Qxd5 59.
h4 b5 60. Qf6 b4 61. Qg6+ Kf8 62. h5 Qxa2 63. Qf5+ Kg8 64. Qc8+ Kg7 65. Qd7+ Kf8
66. Qd8+ Kg7 67. Qe7+ Kg8 68. Qe8+ Kh7 69. g6+ Kh6 70. Qf8+ Kg5 71. g7 Qb1+ 72.
Qf1 1-0

[Event "Isle of Man Open"]
[Site "Douglas"]
[Date "23.10.2018"]
[Round "4.77"]
[White "Ragnarsson, Dagur"]
[Black "Harari, Zaki"]
[Result "1-0"]
[WhiteTitle "FM"]
[WhiteElo "2251"]
[BlackElo "2055"]
[WhiteFideId "2304058"]
[BlackFideId "2002639"]
[EventDate "2018.10.20"]

1. d4 Nf6 2. c4 c5 3. d5 e6 4. Nc3 exd5 5. cxd5 d6 6. e4 g6 7. Nf3 Bg7 8. h3 O-O
9. Bd3 b5 10. Bxb5 Nxe4 11. Nxe4 Qa5+ 12. Nfd2 Qxb5 13. Nxd6 Qa6 14. N2c4 Nd7
15. O-O Ne5 16. Nxc8 Raxc8 17. Nxe5 Bxe5 18. Qf3 Rfd8 19. Bg5 f6 20. Rfe1 Re8
21. Rxe5 fxe5 22. Rd1 Qd6 23. h4 Rf8 24. Qa3 Rf7 25. b3 Rd7 26. Qa4 Rf7 27. Qc4
Kg7 28. Qe4 h6 29. Bc1 Rf5 30. g4 Rf7 31. Bb2 Kh7 32. Bxe5 Qe7 33. h5 Qg5 34.
Bg3 Rcf8 35. d6 Rd8 36. Rd5 Qc1+ 37. Kg2 Rg7 38. Bf4 Qa3 39. hxg6+ 1-0

[Event "Isle of Man Open"]
[Site "Douglas"]
[Date "23.10.2018"]
[Round "4.78"]
[White "Stefansson, Vignir Vatnar"]
[Black "Dahl, Baard"]
[Result "1-0"]
[WhiteTitle "FM"]
[WhiteElo "2291"]
[BlackElo "2113"]
[WhiteFideId "2308649"]
[BlackFideId "444251"]
[EventDate "2018.10.20"]

1. d4 Nf6 2. Bg5 e6 3. e4 h6 4. Bxf6 Qxf6 5. Nf3 d6 6. Nc3 a6 7. a4 g5 8. h3 Bg7
9. Bc4 Nc6 10. d5 Nd4 11. Nh2 h5 12. Nf1 c6 13. Ne3 cxd5 14. exd5 e5 15. Bd3 Qd8
16. Ne2 Nxe2 17. Bxe2 h4 18. Bg4 e4 19. c3 Qf6 20. Bxc8 Rxc8 21. Qg4 O-O 22.
Qxe4 Rfe8 23. Qd3 Qf4 24. O-O Re4 25. Ng4 Rce8 26. g3 Qf5 27. f3 Rf4 28. Qxf5
Rxf5 29. gxh4 gxh4 30. Rad1 Rf4 31. Kf2 Rxa4 32. Rfe1 Rxe1 33. Rxe1 Ra2 34. Re2
a5 35. Ne3 a4 36. Nc4 a3 37. bxa3 Ra1 38. Nxd6 Bxc3 39. Nxb7 Bd4+ 40. Kg2 Rb1
41. Nd8 Bc5 42. Rd2 Rg1+ 43. Kh2 Rg3 44. Nb7 Bg1+ 45. Kh1 Kf8 46. Rg2 Rxh3+ 47.
Kxg1 Rxf3 48. d6 Rd3 49. a4 h3 50. Re2 f5 51. a5 f4 52. a6 f3 53. Ra2 Rd1+ 54.
Kh2 1-0

[Event "Isle of Man Open"]
[Site "Douglas"]
[Date "23.10.2018"]
[Round "4.79"]
[White "Shaw, Peter"]
[Black "Grant, Jonathan I M"]
[Result "0-1"]
[WhiteElo "2096"]
[BlackElo "2203"]
[WhiteFideId "411361"]
[BlackFideId "2400294"]
[EventDate "2018.10.20"]

1. d4 Nf6 2. c4 e6 3. Nf3 Bb4+ 4. Nbd2 O-O 5. a3 Be7 6. e4 d6 7. Bd3 e5 8. O-O
Nbd7 9. Re1 a5 10. b3 Re8 11. Bb2 Bf8 12. Qc2 c6 13. Bf1 Qc7 14. g3 g6 15. Bg2
Bg7 16. Rad1 exd4 17. Nxd4 Nc5 18. h3 Bd7 19. Nb1 h5 20. Bc1 h4 21. g4 d5 22.
cxd5 cxd5 23. Bg5 Nfxe4 24. Bxh4 Qb6 25. Bxe4 dxe4 26. Nc3 Nd3 27. Rxe4 Rxe4 28.
Nxe4 Nf4 29. Nf3 Nxh3+ 30. Kh2 Bxg4 31. Rd6 Qb5 32. Nf6+ Bxf6 33. Bxf6 Qh5 34.
Nh4 Ng5 35. Kg3 Bd1 36. Rxd1 Nh7 37. Ba1 Qg5+ 38. Kh3 Qf4 39. Qc3 Ng5+ 40. Kg2
Qg4+ 41. Kf1 Qxd1+ 42. Kg2 Qg4+ 43. Kf1 Qh3+ 44. Qxh3 Nxh3 45. Bc3 Nf4 46. Ke1
a4 47. bxa4 Rxa4 0-1

[Event "Isle of Man Open"]
[Site "Douglas"]
[Date "23.10.2018"]
[Round "4.80"]
[White "Burrows, Martin P"]
[Black "Mai, Aron Thor"]
[Result "1/2-1/2"]
[WhiteElo "2121"]
[BlackElo "2063"]
[WhiteFideId "409057"]
[BlackFideId "2313383"]
[EventDate "2018.10.20"]

1. e4 e6 2. d4 d5 3. Nc3 Nf6 4. e5 Nfd7 5. f4 c5 6. Nf3 Nc6 7. Be3 cxd4 8. Nxd4
Bc5 9. Qd2 O-O 10. O-O-O Nxd4 11. Bxd4 a6 12. h4 b5 13. Bxc5 Nxc5 14. Bd3 b4 15.
Ne2 a5 16. Nd4 Ba6 17. Kb1 Qb6 18. Nf3 b3 19. Bxa6 bxa2+ 20. Ka1 Rfb8 21. Qd4
Rxa6 22. Rhe1 Qb5 23. Re3 Rab6 24. b3 a4 25. Nd2 Qb4 26. Qxb4 Rxb4 27. Rc1 Rxf4
28. g3 Rf2 29. Rc3 Rxd2 30. Rxc5 h5 31. bxa4 Rb4 32. Ra5 Rdd4 33. Ra8+ Kh7 34.
a5 Ra4 35. Rf1 Rd2 36. Kb2 Re2 37. Ra1 Rxe5 38. Rxa2 Ree4 39. Rxa4 Rxa4 40. Kb3
Rc4 41. a6 Rc6 42. a7 Ra6 43. Kb4 g6 44. Kb5 Ra2 45. Kb6 Rb2+ 46. Ka6 Ra2+ 47.
Kb6 1/2-1/2

[Event "Isle of Man Open"]
[Site "Douglas"]
[Date "24.10.2018"]
[Round "5.2"]
[White "Vachier-Lagrave, Maxime"]
[Black "Parligras, Mircea-Emilian"]
[Result "1/2-1/2"]
[WhiteTitle "GM"]
[BlackTitle "GM"]
[WhiteElo "2780"]
[BlackElo "2623"]
[WhiteFideId "623539"]
[BlackFideId "1204297"]
[EventDate "2018.10.20"]

1. e4 e5 2. Nf3 Nc6 3. Bc4 Bc5 4. O-O Nf6 5. d3 d6 6. c3 a6 7. a4 Ba7 8. Re1 O-O
9. h3 h6 10. Nbd2 Re8 11. Nf1 Be6 12. Bxe6 Rxe6 13. b4 d5 14. Qc2 dxe4 15. dxe4
Qd7 16. Be3 Bxe3 17. Nxe3 Rd8 18. Rad1 Rd6 19. Rxd6 Qxd6 20. b5 axb5 21. axb5
Na5 22. Qa4 b6 23. Rd1 Qe7 24. Rxd8+ Qxd8 25. Nxe5 Qd2 26. Nf3 Qxc3 27. e5 Nd7
28. Qe4 Nf8 29. Qa8 c6 30. g3 cxb5 31. Nf5 g6 32. Nxh6+ Kg7 33. Nxf7 Qc1+ 34.
Kg2 Kxf7 35. Qa7+ Kg8 36. Qxb6 Nc6 37. Qxb5 Nd8 38. Nd4 Qc7 39. Qd5+ Kg7 40. h4
Qe7 41. f4 Qb7 42. Qxb7+ Nxb7 43. Kf3 Nc5 44. g4 Nfd7 45. e6 Nb6 46. h5 gxh5 47.
g5 Nd5 48. f5 Kf8 49. Kg3 Ke7 50. Kh4 Nf4 51. f6+ Ke8 52. e7 Ne4 53. Nf5 Kf7 54.
Nh6+ Ke8 55. Nf5 Kf7 56. Nh6+ Ke8 57. Nf5 1/2-1/2

[Event "Isle of Man Open"]
[Site "Douglas"]
[Date "24.10.2018"]
[Round "5.3"]
[White "Rapport, Richard"]
[Black "Xiong, Jeffery"]
[Result "0-1"]
[WhiteTitle "GM"]
[BlackTitle "GM"]
[WhiteElo "2725"]
[BlackElo "2656"]
[WhiteFideId "738590"]
[BlackFideId "2047640"]
[EventDate "2018.10.20"]

1. d4 Nf6 2. c3 d5 3. Nf3 e6 4. Bg5 Nbd7 5. Nbd2 h6 6. Bh4 b6 7. e4 g5 8. Bg3
dxe4 9. Ne5 Bb7 10. Bb5 a6 11. Bc6 Bxc6 12. Nxc6 Qc8 13. Qe2 Qb7 14. Ne5 Bd6 15.
Nxd7 Kxd7 16. O-O Bf4 17. f3 e3 18. Nc4 Nd5 19. Bxf4 gxf4 20. Ne5+ Ke8 21. Qe1
c5 22. c4 cxd4 23. cxd5 Qxd5 24. Nd3 Qf5 25. Qd1 Ke7 26. Qb3 Rhd8 27. Rfc1 Rac8
28. Rc4 b5 29. Rc2 Kf8 30. Rac1 e5 31. h3 Rxc2 32. Rxc2 Kg7 33. Rc7 Re8 34. Qd5
Re6 35. Nxf4 Rf6 36. Ne2 d3 37. Nc3 Rg6 38. Re7 b4 39. Nb1 e2 40. Qxe5+ Qxe5 41.
Rxe5 Rc6 0-1